| 000 | 00686nam a2200181 a 4500 | ||
|---|---|---|---|
| 001 | 30738 | ||
| 005 | 20230803131727.0 | ||
| 008 | 140415s2006 mx 000 0 spa d | ||
| 020 | _a139789701056875 | ||
| 041 | _aspa | ||
| 082 |
_a658 _bBAC |
||
| 100 | 1 |
_aBaca Urbina, Gabriel, _91659 |
|
| 245 | 1 | 0 | _aEVALUACION DE PROYECTOS |
| 250 | _a5ª EDICIÓN | ||
| 260 |
_aMEXICO : _bMC GRAW HILL, _c2006 |
||
| 300 |
_a391 _c19.05 x 3 x 24.05 |
||
| 520 | _aEN ESTE NUEVA EDICION SE INCORPORAN ADEMAS DE PRESIONES IMPORTANTEA, ASPECTOS DE MAYOR PROFUNDIDAD EN ALGUNOS TEMAS NUEVOS. POR OTRO LADO, EN EL ANALISIS ECONOMICO SE HACE UNA MAYOY PRESICION EN LA DETERMINACIÓN DEL PUNTO DE EQUILIBRIO. | ||
| 999 |
_c30738 _d30738 |
||